000 01431cab a2200265 4500
001 ABS68532
008 041214n2004 000 0 eng u
035 _a(Sirsi) u128301
100 _aDixon, T.
245 _aVolume housebuilders start to dig brownfield
260 _c2004
490 _aEstates Gazette
_v(0447) 20 November 2004, 154-155(2)
520 _aReports on recent College of Estate Management (CEM) research into the dynamics and role of residential and commercial property developers in relation to the assessment, remediation and reuse of brownfield land in the UK. Places brownfield development within the context of current government policy. CEM's major survey of developers in 2004 showed that almost three-quarters of respondents had actually built homes on land requiring remedial treatment. Tables cover the balance of housing completions and reasons for developing on brownfield sites. Concludes that brownfield development has entered the mainstream and is now widespread throughout the house building industry.
590 _aABS
650 _aHOUSING COMPLETIONS
650 _aRESIDENTIAL PROPERTY DEVELOPMENT
650 _aPROPERTY-COMMERCIAL PROPERTY-COMMERCIAL PROPERTY DEVELOPMENT
650 _aREMEDIATION
650 _aREUSE
650 _aENVIRONMENTAL ASSESSMENT
650 _aCONTAMINATED LAND
650 _aBROWNFIELD SITES
690 _aENVIRONMENT-CONTAMINATION
942 _n0
999 _c74671
_d74671